| 000 | 00533nam a2200181 a 4500 | ||
|---|---|---|---|
| 003 | OSt | ||
| 005 | 20140311163004.0 | ||
| 008 | 030627s19uu xx 00 eng d | ||
| 020 | _a0451623894 | ||
| 050 |
_aHD 31 _b.D496 1985 |
||
| 100 |
_aDeVille, Jard _930514 |
||
| 245 |
_aThe Psychology of leadership : _bManaging resources and relationship / _cJard DeVille. |
||
| 260 |
_aNew York : _bNew American Library, _c1984. |
||
| 300 |
_a207 p. : _bill. ; _c18 cm. |
||
| 650 |
_aManagement _9446 |
||
| 942 |
_cBK _2lcc _kFOR |
||
| 999 |
_c39265 _d39265 |
||